Statistics for The Bible A-Z

Click here to take the quiz!

General Stats

  • This quiz has been taken 39,874 times
    (28,741 since last reset)
  • The average score is 17 of 26

Answer Stats

ClueAnswer% Correct
NArk builderNoah
96%
BJesus's birthplaceBethlehem
94%
ESerpent-infested gardenEden
94%
WJesus turned water into thisWine
92%
CFirst murdererCain
89%
ATerm for one of Jesus's 12 disciplesApostle
87%
DKing who came before SolomonDavid
87%
VThou shalt not take the name of
the Lord thy God in ____
Vain
87%
SDay of restSabbath
81%
GSodom's partner in crimeGomorrah
78%
JHe was swallowed by a "great fish"Jonah
78%
LOne of the Plagues of EgyptLocusts
78%
RLast book of the BibleRevelation
75%
THoliest building in Jerusalem, onceTemple
67%
XPersian emperor who appears
in the Book of Esther
Xerxes
59%
ZAnother term for the promised landZion
59%
MMan who lived 969 yearsMethuselah
50%
UType of bread to have on PassoverUnleavened
49%
PGoliath's peoplePhilistines
47%
IAnother name for JacobIsrael
43%
YFor my ____ is easy, and my
burden is light
Yoke
43%
FI will make you _______ of menFishers
41%
KAdam ____ Eve his wife,
and she conceived
Knew
38%
QThe _____ and the deadQuick
38%
HHandmaid of Sarah and
mother of Ishmael
Hagar
32%
OHe spilled his seed on the groundOnan
18%

Score Distribution

Percentile by Number Answered

Percent of People with Each Score

Your Score History

You have not taken this quiz since the last reset